Statistics for Fifa 22 Top 25 Netherlands Players

Click here to take the quiz!

General Stats

  • This quiz has been taken 235 times
  • The average score is 16 of 25

Answer Stats

RatingClubPlayer% Correct
89LiverpoolVirgil Van Dijk
100%
87FC BarcelonaFrenkie De Jong
98%
79FC BarcelonaLuuk De Jong
97%
85Piemonte CalcioMatthijs De Ligt
94%
85FC BarcelonaMemphis Depay
94%
85Inter MilanStefan De Vrij
85%
84PSGGeorginio Wijnaldum
84%
81Manchester UnitedDonny Van De Beek
80%
83VFL WolfsburgWout Weghorst
76%
82AjaxDaley Blind
73%
80Tottenham HotspurSteven Bergwijn
72%
82Inter MilanDenzel Dumfries
69%
80Borussia DortmundDonyell Malen
66%
81Valencia CFJasper Cillessen
63%
82Bergamo CalcioMarten De Roon
62%
80Spartak MoscowQuincy Promes
61%
81AjaxSteven Berghuis
53%
80Bergamo CalcioHans Hateboer
46%
79Bergamo CalcioTeun Koopmeiners
43%
78PSV EindhovenCody Gakpo
37%
78Roma FCRick Karsdorp
37%
79LOSC LilleSven Botman
36%
79AjaxDavy Klaassen
34%
79AZ AlkmaarOwen Wijndal
27%
78Club BruggeRuud Vormer
25%

Score Distribution

Percentile by Number Answered

Percent of People with Each Score

Your Score History

You have not taken this quiz